Les Communes de Béziers sur une Carte - Statistiques

Statistiques générales
  • Ce quiz a été pris 97 fois
  • Le résultat moyen est 8 sur 17
Réponses sur la Carte
Les réponses sont colorées sur une échelle allant du rouge au vert en fonction du pourcentage des utilisateurs qui les ont devinées à leur premier essai. Vous pouvez retrouver ces pourcentages ci-dessous.
 
Statistiques - réponses
Communes
% Correct
Béziers
92%
Valras-Plage
74%
Boujan-sur-Libron
70%
Villeneuve-lès-Béziers
70%
Sérignan
68%
Servian
61%
Lignan-sur-Orb
53%
Sauvian
52%
Bassan
44%
Cers
44%
Lieuran-lès-Béziers
42%
Corneilhan
33%
Espondeilhan
27%
Montblanc
23%
Alignan-du-Vent
20%
Valros
18%
Coulobres
14%
Aucun quiz correspondant
Distribution des résultats
% des personnes avec chaque résultat
Percentile par nombre de réponses
Votre historique - résultats
Vous n’avez pas pris ce quiz